New serial and parallel Sin+Cos PSS1A PSS design and analysis /

Na minha lista:
Detalhes bibliográficos
Outros Autores: Seung-Il., Jang, Gwang-Soo., Lee, Sang-Seung., Li, Shan-Ying., Park, Jong-Keun., Yoon, Yong-Tae.
Formato: Atigo
Idioma:English
Assuntos:
Tags: Adicionar Tag
Sem tags, seja o primeiro a adicionar uma tag!
Thư viện lưu trữ: Thư viện Trường Đại học Đà Lạt
LEADER 00977nam a2200325 4500
001 DLU090079231
005 ##20090619
040 # # |a DLU  |b eng 
041 # # |a eng 
044 # # |a KR 
245 # # |a New serial and parallel Sin+Cos PSS1A PSS design and analysis /  |c Sang-Seung Lee, Shan-Ying Li, Gwang-Soo Jang, Jong-Keun Park, Seung-Il, Yong-Tae Yoon. 
653 # # |a Damping 
653 # # |a KEPCO system 
653 # # |a PSS1A Type PSS 
700 # # |a Seung-Il.  
700 # # |a Jang, Gwang-Soo.  
700 # # |a Lee, Sang-Seung.  
700 # # |a Li, Shan-Ying.  
700 # # |a Park, Jong-Keun.  
700 # # |a Yoon, Yong-Tae.  
773 # # |t Power Engineering  |g Vol. 5-A, no. 4 (2005), p. 378-384  
920 # # |a Phòng Tạp chí -- Trung tâm Thông tin - Thư viện Trường Đại học Đà Lạt 
994 # # |a DLU 
900 # # |a True 
911 # # |a Trương Bảo Trâm Anh 
925 # # |a G 
926 # # |a A 
927 # # |a BB 
980 # # |a Thư viện Trường Đại học Đà Lạt